| 000 | 00516nam a22001697a 4500 | ||
|---|---|---|---|
| 999 |
_c9033 _d9033 |
||
| 008 | 210319b ||||| |||| 00| 0 eng d | ||
| 040 | _aBMS College of Archtecture | ||
| 100 | _aRadhakrishnan, Aparna | ||
| 245 | _aFootball stadium + Training facility | ||
| 300 | _a65p. | ||
| 500 | _a1BM07AT008 | ||
| 502 |
_8B.Arch _NBMS College of Architecture, Visvesvaraya Technological University _aProject report _d2013 |
||
| 650 | _aNA | ||
| 700 |
_aVaseem A S _eGuide |
||
| 700 |
_aSathish S Rao _eGuide |
||
| 942 |
_2ddc _cTHE |
||